Obálka Náhled e-knihy:
PDF Epub
Pro půjčování e-knih musíte být přihlášeni.
Jak si půjčit online?

Mrazení /

Fantastický román vypráví o dívce Grace, kterou již mnoho let fascinují vlci. Její rodina žije na okraji lesa v rodinném domě. Hlavní hrdinka tak má skvělou příležitost studovat zdejší vlčí smečku.

Uloženo v:
Série:Vlci z Mercy Falls, část 1
Hlavní autor: Stiefvater, Maggie, 1981- (Autor)
Další autoři: Křesťanová, Dominika, 1966- (Autor)
Médium: E-kniha
Jazyk:Czech
Vydáno: V Praze : CooBoo, 2026
Vydání:2. vydání (1. vydání v CooBo)
Témata:
Příbuzné jednotky:Z cyklu:: Vlci z Mercy Falls
Tagy:
Žádné tagy
LEADER 02993nam a2200553 i 4500
001 312905
003 CZ PrSKC
005 20260601215730.0
007 ta
008 260213s2026 xr d 000 f cze
015 |a cnb003739671 
020 |a 9788026741435  |q (brožováno) :  |c Kč 469,00 
035 |a (OCoLC)1584376362 
040 |a ABG001  |b cze  |e rda 
041 1 |a cze  |h eng 
072 7 |a 821.111(73)-3  |x Americká próza  |2 Konspekt 
072 7 |a 821-93  |x Literatura pro děti a mládež (beletrie)  |2 Konspekt 
080 |a 821.111(73)-31  |2 MRF 
080 |a 821-93-053.67  |2 MRF 
080 |a 821-93  |2 MRF 
080 |a (0:82-312.9)  |2 MRF 
100 1 |a Stiefvater, Maggie,  |d 1981-  |7 xx0115044  |4 aut 
240 1 0 |a Shiver.  |l Česky 
245 1 0 |a Mrazení /  |c Maggie Stiefvater ; přeložila Dominika Křesťanová 
250 |a 2. vydání (1. vydání v CooBo) 
264 1 |a V Praze :  |b CooBoo,  |c 2026 
300 |a 377 stran ;  |c 20 cm 
336 |a text  |b txt  |2 rdacontent 
337 |a bez média  |b n  |2 rdamedia 
338 |a svazek  |b nc  |2 rdacarrier 
500 |a Přeloženo z angličtiny 
520 2 |a Fantastický román vypráví o dívce Grace, kterou již mnoho let fascinují vlci. Její rodina žije na okraji lesa v rodinném domě. Hlavní hrdinka tak má skvělou příležitost studovat zdejší vlčí smečku.  |b Jako malá byla Grace stržena z houpačky a odvlečena vlky do lesa. Před jistou smrtí ji zachránil jeden z nich. Grace i po letech poznává jeho oči napříč smečkou, nikdy na něj nezapomněla a každé jaro jej netrpělivě vyhlíží. Jejich osud je propleten víc, než Grace vůbec tuší. "Její" vlk je totiž proměněný chlapec Sam, kterého coby malého pokousala smečka vlků. Román se nese na současné vlně popularity vlkodlačích a upířích příběhů. Nechybí pochopitelně ani milostný příběh mezi hlavními hrdiny. 
655 7 |a americké romány  |7 fd131796  |2 czenas 
655 7 |a fantasy romány  |7 fd184199  |2 czenas 
655 7 |a literatura young adult  |7 fd1185572  |2 czenas 
655 7 |a publikace pro mládež  |7 fd133157  |2 czenas 
655 9 |a American fiction  |2 eczenas 
655 9 |a fantasy novels  |2 eczenas 
655 9 |a young adult literature  |2 eczenas 
655 9 |a juvenile literature  |2 eczenas 
700 1 |a Křesťanová, Dominika,  |d 1966-  |7 ola2004235645  |4 trl 
710 2 |a CooBoo (nakladatelství)  |7 xx0255713  |4 pbl 
900 |a ABA001  |b 20 
928 9 |a Albatros Media - CooBoo 
044 |a xr 
787 0 8 |g 1  |i Z cyklu:  |t Vlci z Mercy Falls 
910 |a RBIT002 
998 |d 424931  |a https://core.palmknihy.cz/api/books/424931/cover?ta25wl  |b https://core.palmknihy.cz/api/books/424931/cover/400?ta25wl  |c https://core.palmknihy.cz/api/books/424931/cover/50?ta25wl  |e 2031-03-10  |g 384  |i 9788026741435  |j https://core.palmknihy.cz/api/books/424931/preview.epub  |k https://core.palmknihy.cz/api/books/424931/preview.pdf  |l   |q 49  |r 1  |s https://www.palmknihy.cz/kniha/424931  |t ebook  |y 2026  |z 0  |v Vlci z Mercy Falls  |w 1 
999 |d 312903